Postahivatal nyílt Ságvári-telepen [rövid hír]

Elmentve itt :
Bibliográfiai részletek
Dokumentumtípus: Cikk
Megjelent: 1962-07-15
Sorozat:Délmagyarország 52 No. 164
Kulcsszavak:Posta Szeged 1962, Posta története Szeged, Ságvári-telep, posta
Online Access:http://dmarchiv.bibl.u-szeged.hu/69817
LEADER 00479nab a2200145 i 4500
001 delm69817
005 20180927153806.0
008 180927s1962 hu o 0|| hun d
040 |a SZTE Délmagyarország Archívum  |b hun 
041 |a hun 
245 0 0 |a Postahivatal nyílt Ságvári-telepen   |h [elektronikus dokumentum] :  |b [rövid hír] 
260 |c 1962-07-15 
300 |a 10 
490 0 |a Délmagyarország  |v 52 No. 164 
695 |a Posta Szeged 1962, Posta története Szeged, Ságvári-telep, posta